000 01049cam a2200289 a 4500
001 000019003
003 UkOxU
005 20200929165912.0
008 860101s1969 ec a 000 0 spa d
040 _aDO-SdBNP
_bspa
_cEEM
_dBNPHU
082 _a986.602
_bG643h
100 1 _aGonzález Suárez, Federico,
_d1844-1917.
_94687
245 1 0 _aHistoria general de la República del Ecuador /
_cFederico González Suárez ; introducción de Hernán Rodríguez Castelo.
250 _a2a ed.
260 _aQuito, Ecuador :
_bCasa de la Cultura Ecuatoriana,
_c[1969].
300 _av. :
_bil. ;
_c18 cm.
490 1 _aClásicos Ariel
_v58
500 _aReimpresión de la edición 1890-1903
500 _aLa biblioteca posee el tomo VII
651 4 _aEcuador
_xHistoria
_94781
650 4 _aEcuador
_xHistoria
_xColonia
_y1534-1809
_940885
650 4 _aArqueología
_xHistoria
_zEcuador
_940886
700 1 _aRodríguez Castelo, Hernán
_eintr.
_94689
830 0 _aClásicos Ariel ;
_v58
_93125
910 _aCatalogación derivada /Oxford
049 _aBNGR
999 _c18521
_d18521